LIBRARY & INFORMATION CENTRE, KCAET, TAVANUR

ONLINE PUBLIC ACCESS CATALOGUE (OPAC)

8051 Microcontroller architecture programming and applications / (Record no. 4185)

MARC details
000 -LEADER
fixed length control field 00441cam a2200157ua 4500
041 ## - LANGUAGE CODE
Language code of text/sound track or separate title eng
082 ## - DEWEY DECIMAL CLASSIFICATION NUMBER
Classification number 004.256
Item number AYA/MI
100 ## - MAIN ENTRY--AUTHOR NAME
Personal name Ayala, Kennath J .
245 ## - TITLE STATEMENT
Title 8051 Microcontroller architecture programming and applications /
250 ## - EDITION STATEMENT
Edition statement 2 /
260 ## - PUBLICATION, DISTRIBUTION, ETC. (IMPRINT)
Place of publication India :
Name of publisher Penram international publishing ,
Year of publication 1996.
300 ## - PHYSICAL DESCRIPTION
Number of Pages 370 ; .
942 ## - ADDED ENTRY ELEMENTS (KOHA)
Koha item type Books
Holdings
Withdrawn status Lost status Damaged status Home library Current library Date acquired Full call number Accession Number Koha item type
      KAUAET   07/04/2012 004.256 19818 Books
free website counter